000 00246nam a22000857a 4500
008 161115b xxu||||| |||| 00| 0 eng d
100 _91206
_aOza. D. K
245 _aVoluntary action and gandhian approach
260 _aNew delhi
_bNational book trust
_c1997
999 _c3897
_d3897